Ułamki dziesiętne - Prosta Matematyka #5 - Statystyki

Ogólne statystyki
  • Ten quiz został rozwiązany 1 400 razy
  • Średni wynik to 13 z 20
Statystyki odpowiedzi
Hint Odpowiedź % Poprawnych
0,5+0,7 1,2
99%
1,2+8,2 9,4
98%
10,1+0,09 10,19
89%
5,6+6,5 12,1
89%
3+7,1 10,1
88%
0,4+0,7 1,1
87%
0,7+0,7 1,4
87%
0,002+0,01 0,012
81%
0,02+0,18 0,2
77%
1,1-0,6 0,5
76%
2,3-0,5 1,8
74%
1,4-0,08 1,32
63%
1009,6+111,4 1121
57%
1-0,4-0,2 0,4
47%
1,235*100 123,5
47%
1079-179,1 899,9
38%
3:0,5 6
36%
0,8:4 0,2
35%
0,45*5 2,25
26%
1,2+0,8:4*2 1,6
13%
Nie znaleziono quizów pasujących do podanych kryteriów
Rozkład punktacji
Procent ludzi z każdym wynikiem
Percentyl według liczby udzielonych odpowiedzi
Twoja historia wyników
Nie rozwiązałeś tego quizu